5HLuxD.jpg

KING HENRY VIII SENIOR AND PRIMARY SCHOOL LIBRARY OPAC

You have to stop this / (Record no. 808)

000 -LEADER
fixed length control field 01156cam a2200325 a 4500
001 - CONTROL NUMBER
control field (Sirsi) a703322
003 - CONTROL NUMBER IDENTIFIER
control field OSt
005 - DATE AND TIME OF LATEST TRANSACTION
control field 20191220091443.0
008 - FIXED-LENGTH DATA ELEMENTS--GENERAL INFORMATION
fixed length control field 111003s2011 nyua d 000 1 eng d
010 ## - LIBRARY OF CONGRESS CONTROL NUMBER
LC control number 2011017040
020 ## - INTERNATIONAL STANDARD BOOK NUMBER
International Standard Book Number 9780316076265 (hard) :
020 ## - INTERNATIONAL STANDARD BOOK NUMBER
International Standard Book Number 0316076260 (hard) :
040 ## - CATALOGING SOURCE
Original cataloging agency DLC
Language of cataloging eng
Transcribing agency DLC
Modifying agency BTCTA
-- IH9
-- OCLCQ
-- CXP
-- TAE
042 ## - AUTHENTICATION CODE
Authentication code nbic
082 ## - DEWEY DECIMAL CLASSIFICATION NUMBER
Classification number FIC BOS
100 1# - MAIN ENTRY--PERSONAL NAME
Personal name Bosch, Pseudonymous.
Relator term author
245 10 - TITLE STATEMENT
Title You have to stop this /
Statement of responsibility, etc. Pseudonymous Bosch ; illustrations by Gilbert Ford.
250 ## - EDITION STATEMENT
Edition statement 1st ed.
260 ## - PUBLICATION, DISTRIBUTION, ETC.
Place of publication, distribution, etc. New York :
Name of publisher, distributor, etc. Little, Brown,
Date of publication, distribution, etc. c2011.
300 ## - PHYSICAL DESCRIPTION
Extent 347 p. :
Other physical details ill. ;
Dimensions 21 cm.
490 0# - SERIES STATEMENT
Series statement Secret series ;
Volume/sequential designation bk. 5.
520 ## - SUMMARY, ETC.
Summary, etc. When a mummy disappears from the local history museum while Cass and her friends Max-Ernest and Yo-Yoji are there, they try to solve the case in order to clear their names and, they hope, discover the Secret they have been seeking.
521 1# - TARGET AUDIENCE NOTE
Target audience note 13-18.
650 #0 - SUBJECT ADDED ENTRY--TOPICAL TERM
Topical term or geographic name entry element Adventure stories.
650 #0 - SUBJECT ADDED ENTRY--TOPICAL TERM
Topical term or geographic name entry element Mummies
Form subdivision Fiction.
650 #0 - SUBJECT ADDED ENTRY--TOPICAL TERM
Topical term or geographic name entry element Magic
Form subdivision Fiction.
650 #0 - SUBJECT ADDED ENTRY--TOPICAL TERM
Topical term or geographic name entry element Immortality
Form subdivision Fiction.
700 1# - ADDED ENTRY--PERSONAL NAME
Personal name Ford, Gilbert.
Relator term Illustrator
942 ## - ADDED ENTRY ELEMENTS (KOHA)
Source of classification or shelving scheme
Koha item type Books - Fiction
Holdings
Withdrawn status Lost status Source of classification or shelving scheme Damaged status Not for loan Collection code Permanent Location Current Location Shelving location Date acquired Total Checkouts Full call number Barcode Date last seen Date last checked out Price effective from Koha item type
          Fiction KH8 Senior School Library KH8 Senior School Library Fiction 2019-12-20 6 FIC BOS 3KHSL000101552 2025-09-19 2024-12-05 2019-12-20 Books - Fiction

Powered By KH8 IT Dept